V congreso internacional de manejo de fauna silvestre en la Amazonia y Latinoamérica: (Registro nro. 4270)

Detalles MARC
000 -CABECERA
Campo de control 01268nam a2200301 a 4500
005 - FECHA Y HORA DE LA ULTIMA TRANSACCION
Campo de control 20170419020001.0
008 - ELEMENTOS DE LONGITUD FIJA—INFORMACION GENERAL
Campo de control 140314b2001 ck ||||| |||| 00| 0 spa d
020 ## - ISBN
ISBN 958970350X
040 ## - FUENTE DE CATALOGACIÓN
Agencia catalogadora original CO-BoIAVH
Agencia transcriptora CO-BoIAVH
041 ## - IDIOMA
Código de idioma para texto/pista de sonido o título separado Español
044 ## - PAÍS DE PUBLICACIÓN
País de publicación Colombia
082 04 - NUMERO DE CLASIFICACION DECIMAL DEWEY
Número de clasificación 333.95416
Número del ítem S21m
111 1# - ASIENTO PRINCIPAL--NOMBRE DE REUNION
Nombre de reunión o de jurisdicción como elemento de entrada Congreso Internacional de Manejo de Fauna Silvestre en la Amazonia y Latinoamérica: Criterios de Sostenibilidad
Lugar de la reunión Cartagena de Indias
Fecha de la reunión septiembre 10-14, 2001
Número de la parte/sección/reunión V
9 (RLIN) 36469
245 10 - MENCION DE TITULO
Título V congreso internacional de manejo de fauna silvestre en la Amazonia y Latinoamérica:
Parte restante del título Criterios de sostenibilidad. Libro de resúmenes
260 3# - PUBLICACION, DISTRIBUCION, ETC. (PIE DE IMPRENTA)
Lugar de publicación, distribución, etc. Bogotá:
Nombre del editor, distribuidor, etc. Universidad Nacional de Colombia,
-- Fundación Natura,
Fecha de publicación, distribución, etc. 2001.
300 ## - DESCRIPCION FISICA
Extensión 215 p.
Dimensiones 28 cm.
650 #4 - ASIENTO SECUNDARIO DE MATERIA - TERMINO TEMATICO
Término temático o nombre geográfico como elemento de entrada Animales
Subdivisión general conservación.
9 (RLIN) 36470
650 #4 - ASIENTO SECUNDARIO DE MATERIA - TERMINO TEMATICO
Término temático o nombre geográfico como elemento de entrada Conservación de la fauna
Subdivisión geográfica Amazonía (Región)
9 (RLIN) 36471
650 #4 - ASIENTO SECUNDARIO DE MATERIA - TERMINO TEMATICO
Término temático o nombre geográfico como elemento de entrada Refugios de fauna silvestre
9 (RLIN) 32855
650 #4 - ASIENTO SECUNDARIO DE MATERIA - TERMINO TEMATICO
Término temático o nombre geográfico como elemento de entrada Reservas de vida silvestre
9 (RLIN) 32856
650 #4 - ASIENTO SECUNDARIO DE MATERIA - TERMINO TEMATICO
Término temático o nombre geográfico como elemento de entrada Recuperación de la fauna
9 (RLIN) 32857
651 ## - ASIENTO SECUNDARIO DE MATERIA - NOMBRE GEOGRAFICO
Nombre geográfico Latinoamerica
9 (RLIN) 3355
651 ## - ASIENTO SECUNDARIO DE MATERIA - NOMBRE GEOGRAFICO
Nombre geográfico Amazonía
9 (RLIN) 32858
700 1# - ASIENTO SECUNDARIO - NOMBRE PERSONAL
Nombre personal Morales-J., Alba Lucía
Término de relación editora
9 (RLIN) 32859
700 1# - ASIENTO SECUNDARIO - NOMBRE PERSONAL
Nombre personal López-Arévalo, Hugo Fernando
Término de relación editor
9 (RLIN) 36472
700 1# - ASIENTO SECUNDARIO - NOMBRE PERSONAL
Nombre personal Sánchez-Palomino, Pedro
Término de relación editor
9 (RLIN) 31647
942 ## - ELEMENTOS ADICIONALES (KOHA)
Tipo de ítem Libro
Sistema de clasificación Dewey Decimal Classification
Koha issues (borrowed), all copies 1
Existencias
Withdrawn status Lost status Sistema de Clasificación Damaged status No para préstamo Colección Inventariado Ubicación Permanente Ubicación actual Fecha de adquisición Fuente de Valor Valor Total Checkouts Número topográfico Inventario / Código de Barras Date last seen Date checked out Ejemplar Price effective from Forma de adquisición Tipo de material
    Dewey Decimal Classification     General Inventariado 2017 Bogotá Bogotá 04/08/2015 Instituto 39000.00 1 LB-333.95416 S21m 038855 18/04/2017 18/04/2017 Ej. 2 04/08/2015   Libro
    Dewey Decimal Classification     General Inventariado 2017 Sala Fabio Quevedo Sala Fabio Quevedo 09/09/2015 Instituto 39000.00   LB-333.95416 S21m 042151 09/09/2015   Ej. 3 09/09/2015   Libro